| 000 | 00516cam a2200205ua 4500 | ||
|---|---|---|---|
| 001 | 824 | ||
| 005 | 20260515113229.0 | ||
| 008 | 110420n ii |||gr||||Z||||||asm | ||
| 040 | _cMAIN | ||
| 082 | _a342.54 | ||
| 245 | 1 |
_aBharatio sangbidhan _cby Phanidhar Kalita |
|
| 250 | _a2nd. | ||
| 260 |
_aGuwahati: _bLoyarsh book stall,992. |
||
| 300 | _a324p:2cm. | ||
| 653 | _apolitical science | ||
| 653 | _aBharatia songbidhan | ||
| 653 | _aIndian constitution | ||
| 700 |
_aKalita, Phanidhar., _eAuthor. |
||
| 942 | _cBK | ||
| 999 |
_c748 _d748 |
||